Catàleg de Publicacions : 1984, 1985, 1986 / Diputació de Barcelona 1984, 1985, 1986 / Diputació de Barcelona
Descripción Física:
19 p. : il., col. ; 21 x 21 cm
Materias:
Barcelona. Diputació -- Catàlegs
MARC
| LEADER | 00000nam a2200000Ia 4500 | ||
|---|---|---|---|
| 001 | 9225 | ||
| 008 | 160829s1986 xx 000 0 cat d | ||
| 080 | |a FU-16-1 | ||
| 110 | 1 | |a Barcelona (Catalunya : Província). |b Diputació |9 52408 | |
| 245 | |a Catàleg de Publicacions : |b 1984, 1985, 1986 / Diputació de Barcelona | ||
| 260 | |a Barcelona : |b Diputació de Barcelona, |c 1986 | ||
| 300 | |a 19 p. : |b il., col. ; |c 21 x 21 cm | ||
| 650 | |a Barcelona. Diputació |x Catàlegs |9 22986 | ||
| 901 | |a Arxiu | ||
| 942 | |n 1 | ||
| 952 | |0 0 |1 0 |4 0 |6 FU161 |7 1 |9 42403 |a Arxiu |b Arxiu |d 2016-12-01 |l 0 |o FU-16-1 |p 9225 |r 2016-12-01 00:00:00 |w 2016-12-01 |y ARXIU | ||
| 999 | |c 44908 |d 44908 | ||